[Event "TCh-CHN 2012"]
[Site "Hangzhou CHN"]
[Date "2012.09.23"]
[Round "12"]
[White "Zhao Jun"]
[Black "Xiu Deshun"]
[Result "1/2-1/2"]
[WhiteElo "2583"]
[BlackElo "2492"]

1.e4 c5 2.Nf3 d6 3.Bb5+ Nd7 4.d4 cxd4 5.Qxd4 a6 6.Bxd7+ Bxd7 7.c4 e5 8.Qd3 Rc8
9.Nc3 Be7 10.O-O Nf6 11.Bg5 Be6 12.b3 Nd7 13.Bxe7 Qxe7 14.Rfd1 Rc6 15.Nd5 Bxd5
16.Qxd5 O-O 17.Nd2 Nc5 18.Nf1 Ne6 19.Ne3 Nd4 20.Nf5 Nxf5 21.exf5 g6 22.Qe4 Qf6
23.fxg6 fxg6 24.Rd2 Qd8 25.Qd5+ Kh8 26.c5 Rxc5 27.Qxb7 Qg5 28.Rxd6 Rc2 29.Rd7 Qc1+
30.Rd1 Qf4 31.Kh1 Qxf2 32.Rg1 Rxa2 33.Rxa2 Qxa2 34.Qe7 Qf2 35.Qxe5+ Qf6  1/2-1/2

[Event "TCh-SRB Prem 2012"]
[Site "Valjevo SRB"]
[Date "2012.09.24"]
[Round "8.1"]
[White "Solak,D"]
[Black "Efimenko,Z"]
[Result "0-1"]
[WhiteElo "2599"]
[BlackElo "2689"]

1.e4 c5 2.Nf3 d6 3.Bb5+ Nd7 4.d4 Nf6 5.Nc3 cxd4 6.Qxd4 e5 7.Qd3 h6 8.Nd2 a6
9.Bxd7+ Bxd7 10.Nc4 Be6 11.Be3 Rc8 12.Nb6 Rc6 13.Nbd5 Be7 14.O-O O-O 15.Rfd1 Ng4
16.Rd2 Bh4 17.g3 Bg5 18.Bxg5 hxg5 19.h3 Nf6 20.Nxf6+ Qxf6 21.Nd5 Bxd5 22.Qxd5 g6
23.Re1 Kg7 24.Re3 Qe7 25.g4 Rfc8 26.c3 b5 27.a3 Rb6 28.Qb3 Rc4 29.f3 a5 30.Red3 Qc7
31.Kg2 b4 32.cxb4 axb4 33.a4 Rc1 34.Rd1 Rbc6 35.R3d2 Rxd1 36.Qxd1 Rc1 37.Qe2 b3
38.Qe3 Qc4 39.Rf2 Ra1 40.Qxg5 Qxa4 41.h4 Re1 42.Qd2 Qa1 43.Kg3 Rd1 44.Qc3 Rc1
45.Qd3 Rg1+ 46.Kh3 Rh1+ 47.Rh2 Rxh2+ 48.Kxh2 Qxb2+ 49.Kg3 Qa3  0-1

[Event "TCh-VIE 2012"]
[Site "Ho Chi Minh City VIE"]
[Date "2012.09.25"]
[Round "7.15"]
[White "Nguyen Hoang Nam1"]
[Black "Nguyen Dang Hong Phuc"]
[Result "0-1"]
[WhiteElo "2320"]
[BlackElo "1812"]

1.e4 c5 2.Nf3 d6 3.Bb5+ Bd7 4.Bxd7+ Qxd7 5.c4 Nf6 6.Nc3 g6 7.O-O Bg7 8.d4 cxd4
9.Nxd4 Nc6 10.Nde2 O-O 11.h3 Rac8 12.Bf4 Qe6 13.Qd3 Nb4 14.Qd2 Qxc4 15.a3 Nd3
16.Bh6 Nc5 17.Bxg7 Kxg7 18.Rad1 Ncxe4 19.Qe3 Qc5 20.Qf3 Nxc3 21.Nxc3 Rc7
22.Rfe1 Rfc8 23.Rd2 a6 24.Ne2 Qg5 25.Rd4 Qf5 26.Qb3 Qc2 27.Qb4 Qc5 28.Qb3 d5
29.Rb4 Ne4 30.Qf3 a5 31.Rd4 e6 32.h4 Rc6 33.Red1 Qb5 34.b4 Rc2 35.R4d3 Qb6
36.bxa5 Qxa5 37.h5 Qc7 38.Qe3 Qc5 39.h6+ Kg8 40.Qf3 Qf8 41.Qe3 Qc5 42.Qf3 Qe7
43.Re3 Qh4 44.Rb3 Nd2 45.Qh3 Qxh3 46.Rxh3 Ne4 47.Re3 Nc3 48.Nxc3 R2xc3 49.Rxc3 Rxc3
50.Rb1 Rc7 51.Rb6 Kf8 52.f4 Ke7 53.g4 Kf6 54.Kf2 g5 55.f5 Ke5 56.fxe6 fxe6
57.Ke2 Re7 58.Ke3 d4+ 59.Kf3 Rf7+ 60.Ke2 Kd5 61.Rb5+ Ke4 62.Rxg5 Rf6 63.Rh5 Rg6
64.Rh4 e5 65.a4 Kf4 66.Kd3 Rxg4 67.Rh1 Rg3+ 68.Kc4 Ke4 69.Rh4+ Ke3 70.Kd5 d3  0-1

[Event "72nd ch-UKR w 2012"]
[Site "Kharkiv UKR"]
[Date "2012.09.25"]
[Round "1.1"]
[White "Gritsayeva,O"]
[Black "Gaponenko,I"]
[Result "1/2-1/2"]
[WhiteElo "2319"]
[BlackElo "2404"]

1.e4 c5 2.Nf3 d6 3.Bb5+ Nc6 4.Bxc6+ bxc6 5.O-O Bg4 6.h3 Bh5 7.e5 e6 8.exd6 Bxd6
9.d3 Nf6 10.Nbd2 g5 11.Ne4 Nxe4 12.dxe4 g4 13.hxg4 Bxg4 14.Qd3 c4 15.Qe3 Rg8
16.g3 Qb6 17.Kg2 h5 18.e5 Qxe3 19.Bxe3 Bxf3+ 20.Kxf3 Bxe5 21.Rh1 Bxb2 22.Rab1 c3
23.Rxh5 Ke7 24.Bc5+ Kf6 25.Bd4+ Ke7 26.Bc5+ Kf6 27.Re1 Rad8 28.Re4 Rd2 29.Rhh4 e5
30.Rh5 Rd5 31.Be3 a5 32.g4 Ke6 33.Rh6+ Rg6 34.Rh8 Ke7 35.Ra8 Rf6+ 36.Ke2 Rfd6
37.Ra4 Rd2+ 38.Bxd2 Rxd2+ 39.Ke3 Bc1 40.R4xa5 Rxc2+ 41.Kd3 Rxf2 42.Rxe5+ Kd6
43.Rf5 Rg2 44.Kxc3 Rxg4 45.Rxf7 Bf4 46.a4 Be5+ 47.Kd3 Rg3+ 48.Ke4 Rg4+ 49.Ke3 c5
50.Rf5 Rg3+ 51.Kf2 Ra3 52.Rh5 Bd4+ 53.Ke2 Ra2+ 54.Kd3 Ra3+ 55.Kc2 Ra2+ 56.Kb3 Rb2+
57.Ka3 Kc6 58.Ra6+ Kb7 59.Rg6 Ka7 60.Rh7+ Rb7 61.Rxb7+ Kxb7 62.Kb3 c4+ 63.Kxc4 Ba7
64.Kb5 Bb8 65.Rg7+ Ka8 66.Kb6 Bf4 67.a5 Be3+ 68.Ka6 Bf4 69.Rf7 Bh2 70.Ra7+ Kb8
71.Rh7 Bg1 72.Rh8+ Kc7 73.Rh1 Be3 74.Rh3 Bf2 75.Rf3 Bg1 76.Rc3+ Kb8 77.Rb3+ Kc8
78.Rb7 Bd4 79.Re7 Kb8 80.Kb5 Bf2 81.Kc6 Ka8 82.a6 Bg1 83.Rb7 Bf2 84.Kb5 Be3
85.Re7 Bf2 86.Rg7 Be3 87.Kc6 Bf2 88.Rg8+ Ka7 89.Rg7+ Ka8 90.Rg2 Be3 91.Re2 Bg1
92.Kb5 Bd4 93.Re7 Bf2 94.a7 Bxa7 95.Ka6 Bb8 96.Kb6 Bg3 97.Ra7+ Kb8 98.Rf7 Ka8
99.Rf3 Bh2 100.Rf8+ Bb8 101.Rf1 Be5 102.Rd1 Bf4 103.Rd3 Bh2 104.Rh3 Be5 105.Rh5 Bf4
106.Rh8+ Bb8 107.Kc6 Ka7 108.Rh7+ Ka8  1/2-1/2

[Event "1st Simon Bolivar Open 2012"]
[Site "San Cristobal VEN"]
[Date "2012.09.25"]
[Round "1.8"]
[White "Martinez Reyes,P"]
[Black "Ortiz Suarez,I"]
[Result "0-1"]
[WhiteElo "2218"]
[BlackElo "2576"]

1.e4 c5 2.Nf3 d6 3.Bb5+ Nd7 4.d4 cxd4 5.Qxd4 Nf6 6.O-O e5 7.Qd3 h6 8.Nc3 a6
9.Bc4 Nc5 10.Qe2 Be7 11.Rd1 Qc7 12.Nd5 Nxd5 13.Bxd5 O-O 14.a4 Be6 15.b3 Rac8
16.Ba3 Bxd5 17.Rxd5 Ne6 18.g3 f5 19.c4 fxe4 20.Qxe4 Qb6 21.Nxe5 Ng5 22.Qg4 Qxf2+
23.Kh1 dxe5 24.Bxe7 Nf3 25.Qh3 Ne1 26.Bf6  0-1

[Event "21st TCh-CRO 1a 2012"]
[Site "Sibenik CRO"]
[Date "2012.09.25"]
[Round "3.45"]
[White "Leventic,I"]
[Black "Brkic,A"]
[Result "1/2-1/2"]
[WhiteElo "2447"]
[BlackElo "2584"]

1.e4 c5 2.Nf3 d6 3.Bb5+ Nd7 4.d4 Nf6 5.Nc3 cxd4 6.Qxd4 e5 7.Qd3 h6 8.Be3 a6
9.Bc4 b5 10.Bd5 Rb8 11.a3 Nxd5 12.Nxd5 Nf6 13.Nxf6+ Qxf6 14.O-O Be7 15.Nd2 O-O
16.a4 Qg6 17.f3 Rd8 18.axb5 Rxb5 19.Nc4 d5 20.Nxe5 Qe6 21.f4 dxe4 22.Qc3 Bb7
23.b3 g5 24.Rad1 gxf4 25.Bxf4 Rxd1 26.Qg3+ Kh7 27.Rxd1 Rd5 28.Rf1 f5 29.Nc4 Rd8
30.Be3 Bd5 31.Qh3 Rf8 32.Nb6 f4 33.Qh5 Bxb3 34.cxb3 fxe3 35.Rxf8 Bxf8 36.Nc4 Bg7
37.Qe2 Bd4 38.g3 Qf7 39.Kg2 Bc5 40.Qf1 Qd5 41.h4 h5 42.Qe2 Kg7 43.Nxe3 Qxb3
44.Nf5+ Kf6 45.Qxa6+ Ke5 46.Ng7 e3 47.Qa1+ Ke4 48.Nxh5 e2 49.Nf4 Qf3+ 50.Kh2 Qf2+
51.Ng2 Bd4 52.Qb1+ Ke5 53.Qb8+ Ke4 54.Qb1+ Ke5  1/2-1/2

[Event "Baku Open 2012"]
[Site "Baku AZE"]
[Date "2012.09.26"]
[Round "5.29"]
[White "Abbasov,Amil1"]
[Black "Orujov,S"]
[Result "1/2-1/2"]
[WhiteElo "2229"]
[BlackElo "2210"]

1.e4 c5 2.Nf3 d6 3.Bb5+ Nc6 4.d4 cxd4 5.Qxd4 Bd7 6.Bxc6 Bxc6 7.Nc3 Nf6 8.Bg5 h6
9.Bxf6 gxf6 10.O-O-O e6 11.Rhe1 Rg8 12.g3 Be7 13.Qe3 Rh8 14.Nd4 Qd7 15.Kb1 b5
16.Re2 Kf8 17.Nxc6 Qxc6 18.Red2 a6 19.f4 Rc8 20.Ne2 Qc5 21.Qf3 b4 22.Nc1 a5
23.Nb3 Qb6 24.Qd3 Kg7 25.Nd4 Rc5 26.g4 a4 27.h4 Kf8 28.Qf3 Ke8 29.Rf1 Rc4
30.Qd3 Rc5  1/2-1/2

[Event "Baku Open 2012"]
[Site "Baku AZE"]
[Date "2012.09.26"]
[Round "5.4"]
[White "Negi,P"]
[Black "Esen,B"]
[Result "1/2-1/2"]
[WhiteElo "2658"]
[BlackElo "2588"]

1.e4 c5 2.Nf3 d6 3.Bb5+ Nd7 4.O-O a6 5.Bxd7+ Bxd7 6.d4 cxd4 7.Qxd4 Rc8 8.Nc3 e5
9.Qb4 Bc6 10.Be3 Qc7 11.Bb6 Qb8 12.Nd5 Bxd5 13.exd5 Be7 14.Qa4+ Kf8 15.c4 Nf6
16.Rfe1 g6 17.Rad1 Kg7 18.c5 dxc5 19.Nxe5 Bd6 20.Nd7 Nxd7 21.Qxd7 Bxh2+ 22.Kh1 Rhd8
23.Qh3 Bd6 24.b4 cxb4 25.Qh4 Kg8 26.Qf6 Bc5 27.Bxd8 Rxd8 28.d6 Rxd6 29.Rxd6 Bxd6
30.Rd1 Bf8 31.Rd7 Qe8 32.Rxb7 a5 33.Ra7 a4 34.g3 b3 35.axb3 axb3 36.Kh2 h5
37.Qb6 Qe2 38.Qf6 Qe8 39.Rb7 Bg7 40.Qf4 Qe6 41.Qb8+ Kh7 42.Rxb3 Be5 43.Qb6 Qxb6
44.Rxb6 f5 45.Kg2 Kg7 46.Kf3 Kf7 47.Ke3 Kg7 48.Kd3 Kf7 49.Kc4 Bf6 50.Kd5 Bc3
51.Ra6 Bb2 52.Kd6 Bd4 53.Ra2 Bc3 54.Kd7 Bd4 55.Re2 Bf6 56.Rd2  1/2-1/2

[Event "5th Final Masters"]
[Site "Bilbao ESP"]
[Date "2012.09.26"]
[Round "3"]
[White "Caruana,F"]
[Black "Anand,V"]
[Result "1/2-1/2"]
[WhiteElo "2773"]
[BlackElo "2780"]

1.e4 c5 2.Nf3 d6 3.Bb5+ Bd7 4.Bxd7+ Qxd7 5.c4 Nc6 6.Nc3 g6 7.d4 cxd4 8.Nxd4 Bg7
9.Nde2 Nf6 10.f3 O-O 11.O-O a6 12.a4 e6 13.Bg5 h6 14.Bh4 Rfd8 15.Rb1 Qc7
16.Kh1 Rd7 17.Rc1 Re8 18.Nd5 exd5 19.cxd5 Qb6 20.Bf2 Qxb2 21.dxc6 bxc6 22.Rxc6 Rdd8
23.Rxa6 Qb4 24.Rb6 Qc4 25.Nd4 Ra8 26.Nb5 Red8 27.Rxd6 Rxd6 28.Nxd6 Qxa4 29.Qxa4 Rxa4
30.Rd1 Nh7 31.Ne8 Be5 32.Bg3 Bxg3 33.hxg3 Ng5 34.Rd8 h5 35.Nf6+ Kg7 36.e5 Ra1+
37.Kh2 Ra2 38.Kg1 Ra1+ 39.Kf2 Ra2+ 40.Kf1 Ra1+ 41.Ke2 Ra2+ 42.Rd2 Ra5 43.Nd5 Ne6
44.Kf2 Rb5 45.f4 Rb3 46.Rd1 Rb2+ 47.Kg1 Ra2 48.Kh2 Ra4 49.Nf6 h4 50.Rf1 g5
51.f5 Nc5 52.Re1 Nd3 53.Re2 Ra5 54.gxh4 gxh4 55.Nd7 Nc5 56.Nxc5 Rxc5 57.Re4 Rc3
58.e6 fxe6 59.fxe6 Kf8 60.Rxh4 Re3 61.Rh8+ Kg7 62.Re8 Kf6 63.g3 Re4 64.Kg2 Re3
65.Kh3 Re4 66.g4 Re1 67.Rf8+ Kg7 68.Re8 Kf6 69.e7 Kg7 70.Kh4  1/2-1/2

[Event "21st TCh-CRO 1a 2012"]
[Site "Sibenik CRO"]
[Date "2012.09.26"]
[Round "4.31"]
[White "Sprenger,J"]
[Black "Navara,D"]
[Result "0-1"]
[WhiteElo "2498"]
[BlackElo "2691"]

1.e4 c5 2.Nf3 d6 3.Bb5+ Nd7 4.d4 cxd4 5.Qxd4 a6 6.Bxd7+ Bxd7 7.Nc3 e5 8.Qd3 h6
9.Nd2 Rc8 10.Nc4 Qc7 11.Ne3 Nf6 12.O-O Be7 13.Ncd5 Nxd5 14.Qxd5 Be6 15.Qd3 Bc4
16.Nxc4 Qxc4 17.Qf3 Qxc2 18.Qg4 Bg5 19.h4 Bxc1 20.Qxg7 Ke7 21.Raxc1 Qd2 22.Rc7+ Rxc7
23.Qxh8 Rc2 24.b4 Rxa2 25.Qc8 b5 26.g3 Qd4 27.Qh8 Ra3 28.Kh2 Rf3 29.Qxh6 Rxf2+
30.Rxf2 Qxf2+ 31.Kh3 Qf1+ 32.Kh2 Qe2+ 33.Kh3 Qxe4 34.h5 Qh1+ 35.Kg4 f5+ 36.Kxf5 Qf3+
37.Kg6 Qf6+ 38.Kh7 Qxh6+ 39.Kxh6 e4 40.Kg6 Kf8 41.h6 Kg8 42.h7+ Kh8 43.Kf7 e3  0-1

[Event "Baku Open 2012"]
[Site "Baku AZE"]
[Date "2012.09.27"]
[Round "6.6"]
[White "Ghaem Maghami,E"]
[Black "Mamedov,Rau"]
[Result "1/2-1/2"]
[WhiteElo "2573"]
[BlackElo "2634"]

1.e4 c5 2.Nf3 d6 3.Bb5+ Bd7 4.Bxd7+ Qxd7 5.O-O Nf6 6.Qe2 Nc6 7.Rd1 Rc8 8.c3 e6
9.d4 cxd4 10.Bg5 d3 11.Rxd3 Ng4 12.Na3 Nge5 13.Nxe5 Nxe5 14.Rd2 a6 15.Rad1 Qc6
16.f4 Nc4 17.Nxc4 Qxc4 18.Qf3 f6 19.Bh4 Be7 20.f5 O-O  1/2-1/2

[Event "30th Balaton Open"]
[Site "Heviz HUN"]
[Date "2012.09.27"]
[Round "5.11"]
[White "Wegerer,J"]
[Black "Szalanczy,E"]
[Result "0-1"]
[WhiteElo "2055"]
[BlackElo "2237"]

1.e4 c5 2.Nf3 d6 3.Bb5+ Nd7 4.d4 Nf6 5.Nc3 cxd4 6.Qxd4 e5 7.Qd3 h6 8.O-O Be7
9.Bxd7+ Bxd7 10.Nd5 Nxd5 11.Qxd5 Qc7 12.c4 O-O 13.b3 Rfd8 14.Bb2 Rac8 15.Rfd1 b6
16.Qd3 Qb7 17.Nd2 b5 18.Rac1 Bg5 19.Rc2 Bg4 20.f3 Be6 21.Bc1 Qb6+ 22.Kh1 a6
23.Nf1 bxc4 24.bxc4 Qc7 25.Bxg5 hxg5 26.Ne3 g6 27.h3 Kg7 28.Rdd2 Rb8 29.Rb2 Rxb2
30.Rxb2 Rc8 31.Rc2 Rb8 32.Rd2 Rb6 33.Kh2 a5 34.Nd5 Bxd5 35.cxd5 Rb4 36.Rc2 Qa7  0-1

[Event "TCh-FIN SM 2012-13"]
[Site "Jyvaskyla FIN"]
[Date "2012.09.28"]
[Round "1.8"]
[White "Alho,S"]
[Black "Manninen,A"]
[Result "0-1"]
[WhiteElo "2144"]
[BlackElo "2091"]

1.e4 c5 2.Nf3 d6 3.Bb5+ Bd7 4.Bxd7+ Qxd7 5.c4 Nf6 6.Nc3 g6 7.O-O Bg7 8.d4 cxd4
9.Nxd4 O-O 10.f3 Rc8 11.b3 d5 12.e5 Ne8 13.Nxd5 e6 14.Nc3 Bxe5 15.Nde2 b5
16.Bf4 Bxf4 17.Nxf4 bxc4 18.Ne4 Qc7 19.Ne2 Qb6+ 20.Kh1 cxb3 21.axb3 Na6 22.N2c3 Nb4
23.Na4 Qb5 24.Rf2 Nd5 25.Rb1 Rab8 26.Qd4 Rc4 27.Qb2 Rb4 28.Nac5 Nec7 29.Rc2 Qe8
30.Rbc1 Qe7 31.Qa3 Nb5 32.Qa1 f5 33.Na6 Rf8 34.Nd2 Rh4 35.Rc8 Qd6 36.Nf1 Nd4
37.Rxf8+ Qxf8 38.g3 Nxb3 39.Qe5 Nxc1 40.Qxe6+ Qf7 41.Qc8+ Kg7 42.gxh4 Nd3
43.Ng3 Qe7 44.Kg2 N5f4+  0-1

[Event "1st Simon Bolivar Open 2012"]
[Site "San Cristobal VEN"]
[Date "2012.09.28"]
[Round "7.24"]
[White "Rohl,J"]
[Black "Gutierrez,L"]
[Result "1-0"]
[WhiteElo "2411"]
[BlackElo "2074"]

1.e4 c5 2.Nf3 d6 3.Bb5+ Bd7 4.Bxd7+ Nxd7 5.O-O Ngf6 6.Qe2 e6 7.b3 Be7 8.Bb2 O-O
9.c4 Nb8 10.d4 Qc7 11.e5 Nfd7 12.exd6 Bxd6 13.Nc3 a6 14.d5 Re8 15.Rfe1 Nf6
16.Ne4 Nxe4 17.Qxe4 Nd7 18.Ng5 Nf8 19.dxe6 fxe6 20.g3 Re7 21.Rad1 Rd8 22.Rd3 h6
23.Nf3 Qb8 24.Red1 Bc7 25.Be5 Bxe5 26.Nxe5 Qc7 27.Rd6 Qa5 28.R1d2 Qc7 29.h4 Qc8
30.h5 Nh7 31.Ng6 Rf7 32.Qd3 Rff8 33.Rxd8 Rxd8 34.Qxd8+ Qxd8 35.Rxd8+ Kf7
36.Rh8  1-0

[Event "TCh-FIN SM 2012-13"]
[Site "Jyvaskyla FIN"]
[Date "2012.09.29"]
[Round "2.8"]
[White "Hynninen,J"]
[Black "Manninen,A"]
[Result "1-0"]
[WhiteElo "2194"]
[BlackElo "2091"]

1.e4 c5 2.Nf3 d6 3.Bb5+ Bd7 4.Bxd7+ Qxd7 5.O-O Nf6 6.Qe2 Nc6 7.Rd1 g6 8.c3 Bg7
9.h3 O-O 10.d4 cxd4 11.cxd4 Rfd8 12.d5 Nb8 13.Nc3 Na6 14.Be3 Qe8 15.Rac1 Rdc8
16.Bd4 Bh6 17.Rb1 Nh5 18.g3 Nc7 19.a4 Qd7 20.Kh2 Rf8 21.Nh4 e5 22.dxe6 Qxe6
23.Nf5 gxf5 24.Qxh5 f4 25.Rg1 f3 26.Qxf3 f5 27.Rge1 f4 28.g4 Bg5 29.Nd5 Rac8
30.Rbc1 Na6 31.Bxa7 Rc6 32.Bd4 Nc5 33.Bxc5 dxc5 34.e5 h6 35.Rcd1 c4 36.Nc3 Rb6
37.Re2 Ra8 38.Rd5 Rb3 39.Rd6 Qf7 40.e6 Qe7 41.Rd7 Qe8 42.Qe4  1-0

[Event "Baku Open 2012"]
[Site "Baku AZE"]
[Date "2012.09.30"]
[Round "9.10"]
[White "Guliev,L"]
[Black "Korobov,A"]
[Result "0-1"]
[WhiteElo "2412"]
[BlackElo "2705"]

1.e4 c5 2.Nf3 d6 3.Bb5+ Nd7 4.d4 cxd4 5.Qxd4 a6 6.Bxd7+ Bxd7 7.Bg5 h6 8.Bh4 Qa5+
9.Nc3 e5 10.Qd3 g5 11.Bg3 Nf6 12.O-O-O Rc8 13.a3 Rxc3 14.bxc3 Qxa3+ 15.Kb1 Be6
16.c4 Qb4+ 17.Kc1 Bxc4 18.Qe3 Be7 19.Nd2 Be6 20.h4 g4 21.f3 O-O 22.Nb1 Rc8
23.Rd3 Nd7 24.Rc3 Nc5 25.Be1 Rc6 26.Ra3 Qc4 27.Kd1 Na4 28.Nc3 b5 29.Kc1 d5
30.Rxa4 bxa4 31.exd5 Bxd5 32.Qxe5 Be6 33.Bd2 Bf8 34.Qe4 Qc5 35.Qxa4 Bg7 36.Ne4 Qb6
37.Qb4 Qc7 38.Qa4 f5 39.Nc5 Bf7 40.Nxa6 Qe5 41.Qa3 Bf8 42.Nb4 Rb6 43.fxg4 Qd4
44.c3 Qc4 45.Kd1 Qxg4+ 46.Kc1 Qc4 47.Kb1 Qd3+ 48.Kc1 Rxb4  0-1

[Event "72nd ch-UKR w 2012"]
[Site "Kharkiv UKR"]
[Date "2012.09.30"]
[Round "6.2"]
[White "Gritsayeva,O"]
[Black "Ushenina,A"]
[Result "0-1"]
[WhiteElo "2319"]
[BlackElo "2433"]

1.e4 c5 2.Nf3 d6 3.Bb5+ Nd7 4.d4 cxd4 5.Qxd4 a6 6.Bxd7+ Bxd7 7.Nc3 Rc8 8.Bg5 h6
9.Bh4 e5 10.Qd3 g5 11.Bg3 Nf6 12.Nd2 Be6 13.Nf1 Rc4 14.f3 Rd4 15.Qe3 Qb6
16.Nd1 Qc6 17.c3 Ra4 18.Nd2 Be7 19.b3 Ra5 20.c4 Rc5 21.b4 Rxc4 22.Nxc4 Qxc4
23.Qc3 Qb5 24.a4 Qd7 25.Ne3 O-O 26.O-O Rc8 27.Qd2 Bd8 28.Bf2 d5 29.exd5 Nxd5
30.Rfd1 Nf6 31.Qxd7 Nxd7 32.Rac1 Rxc1 33.Rxc1 Kf8 34.Nc4 Ke7 35.Kf1 Bd5 36.Ne3 Bc6
37.a5 Ke6 38.Ke2 Be7 39.Be1 h5 40.g4 hxg4 41.fxg4 Nf6 42.Kd3 Bd6 43.h3 Bf8
44.Bd2 Bb5+ 45.Kc2 Ne4 46.Be1 Nd6 47.Kb3 Bc6 48.Bc3 f6 49.Bb2 Be7 50.Rc2 Nb5
51.Nf5 Bf8 52.Ne3 Be7 53.Rh2 Nc7 54.h4 gxh4 55.Rxh4 Nd5 56.Nc2 Nf4 57.Rh6 Bf8
58.Rh8 Bd5+ 59.Kc3 Bd6 60.Rh7 Be4 61.Rg7 Bf8 62.Rg8 Ng6 63.Ne3 Kf7 64.Rxf8+ Nxf8
65.Kd2 Ke6 66.Ke2 Ng6 67.Bc3 Kd6 68.Nc4+ Kd5 69.Ne3+ Kc6 70.Nc4 Nf4+ 71.Kf2 Bd5
72.Ne3 Be6 73.Kf3 Nh3 74.Ke4 Kb5 75.Be1 Ng5+ 76.Kd3 Nf3 77.Bc3 Ka4 78.Kc2 Nd4+
79.Kd3 Nc6 80.Ke4 Ne7 81.g5 fxg5 82.Kxe5 Bh3 83.Kd6 Nc6 84.Kc7 Nxb4 85.Kxb7 g4
86.Nxg4 Nd5 87.Nf2 Nxc3 88.Nxh3 Kxa5 89.Nf4 Kb5 90.Nd3 a5 91.Nb2 Ne4 92.Kc7 Nd2
93.Kb7 Nc4 94.Nd3 a4 95.Ka7 a3 96.Nc1 Nb6 97.Kb7 Nd5 98.Na2 Nb4 99.Nc1 Nd3
100.Nb3 Nc5+  0-1

[Event "Oslo GM Open 2012"]
[Site "Oslo NOR"]
[Date "2012.09.30"]
[Round "2.16"]
[White "Haugli,P"]
[Black "Sousa,H"]
[Result "1-0"]
[WhiteElo "2302"]
[BlackElo "2232"]

1.e4 c5 2.Nf3 d6 3.Bb5+ Bd7 4.Bxd7+ Nxd7 5.O-O Ngf6 6.Qe2 Qc7 7.c3 e5 8.d4 g6
9.dxe5 dxe5 10.a4 Bg7 11.Na3 O-O 12.Nc4 h6 13.Ne1 Qc6 14.f3 Rfe8 15.Nc2 Nh5
16.N2e3 Ndf6 17.g3 Rad8 18.b3 Qe6 19.Ba3 Bf8 20.Rfd1 b6 21.Nd2 Ng7 22.c4 Rd7
23.Nd5 Red8 24.Nf1 Nfe8 25.Bb2 a5 26.Rd3 Rd6 27.Rad1 f6 28.f4 exf4 29.gxf4 f5
30.e5 R6d7 31.Qg2 Kf7 32.Bc3 Nh5 33.Ng3 Neg7 34.Be1 Qc6 35.Nxh5 Nxh5 36.Bh4 Re8
37.Kh1 Bg7 38.Rg1 Re6 39.Rdd1 Kf8 40.Bf6 g5 41.fxg5 Ke8 42.gxh6  1-0

[Event "Oslo GM Open 2012"]
[Site "Oslo NOR"]
[Date "2012.09.30"]
[Round "8.2"]
[White "Djurhuus,R"]
[Black "Groenn,A"]
[Result "1-0"]
[WhiteElo "2436"]
[BlackElo "2364"]

1.e4 c5 2.Nf3 d6 3.Bb5+ Bd7 4.Bxd7+ Qxd7 5.O-O Nc6 6.Qe2 Nf6 7.Rd1 e6 8.d4 cxd4
9.Nxd4 Be7 10.c4 Nxd4 11.Rxd4 Qc6 12.Nc3 a6 13.b3 b5 14.Bd2 b4 15.Na4 e5
16.Rd3 Nxe4 17.Bxb4 O-O 18.Rad1 Rad8 19.f3 Nf6 20.Qe3 Rfe8 21.Qb6 Qxb6+ 22.Nxb6 Rb8
23.Ba5 e4 24.fxe4 Nxe4 25.Nd5 Bf8 26.Re3 f5 27.g4 f4 28.Nxf4 d5 29.Nd3 dxc4
30.bxc4 Rbc8 31.Rc1 Nc5 32.Rxe8 Rxe8 33.Re1 Rc8 34.Nb2 Nb7 35.Bc3 Nd6 36.Rc1 Ne4
37.Bd4 Ba3 38.Rc2 Rd8 39.Be3 Rb8 40.Nd3 Rd8 41.Nf2 Nd6 42.c5 Nb5 43.Kg2 Kf7
44.c6 Rc8 45.Ne4 h6 46.Bf4 Ke6 47.c7 Kd7 48.Rd2+ Ke7 49.Be5 g6 50.Rd8 Na7
51.Bd6+ Bxd6 52.Rxd6 Rxc7 53.Rxg6 a5 54.Kg3 Nb5 55.Rg7+ Kf8 56.Rxc7 Nxc7
57.Kf4 Nd5+ 58.Ke5 Ne3 59.h3 Kg7 60.Kd4 Ng2 61.Kc4 Nf4 62.Nf2 Kf6 63.Kb5 Kg5
64.Kxa5 Kh4 65.a4 Kg3 66.Kb5 Nd5 67.a5 Nc7+ 68.Kc6 Na6 69.Kb6 Nb4 70.a6 Nxa6
71.Kxa6 Kxf2 72.h4 Kg3 73.g5 h5 74.g6 Kxh4 75.g7 Kh3 76.g8=Q h4 77.Qg5  1-0

[Event "Oslo GM Open 2012"]
[Site "Oslo NOR"]
[Date "2012.09.30"]
[Round "8.1"]
[White "Rozentalis,E"]
[Black "Gordon,S"]
[Result "1-0"]
[WhiteElo "2570"]
[BlackElo "2556"]

1.e4 c5 2.Nf3 d6 3.Bb5+ Bd7 4.Bxd7+ Qxd7 5.c4 Nf6 6.Nc3 g6 7.d4 cxd4 8.Nxd4 Bg7
9.h3 Qc7 10.Qe2 Nc6 11.Ndb5 Qd8 12.O-O a6 13.Na3 Nd7 14.Nd5 e6 15.Nf4 Nd4
16.Qd1 Nc5 17.Re1 O-O 18.Rb1 Qf6 19.b4 Nd7 20.Ne2 Nxe2+ 21.Rxe2 Ne5 22.Be3 Rfc8
23.c5 dxc5 24.bxc5 Rc7 25.Rd2 g5 26.Rdb2 Qg6 27.Rxb7 Rxb7 28.Rxb7 Qxe4 29.Qb3 h6
30.Rb4 Qd5 31.Nc4 a5 32.Rb8+ Rxb8 33.Qxb8+ Kh7 34.Qb1+ f5 35.Nxa5 g4 36.Qb3 Qe4
37.hxg4 f4 38.Bd2 f3 39.g3 Nd3 40.Be3 Nb4 41.Nc4 Nd5 42.Nd2 Qxg4 43.Qd3+ Kg8
44.Qe4 Nxe3 45.Qxe3 Bd4 46.Qxf3 Qxf3 47.Nxf3 Bxc5 48.Ne5  1-0

[Event "TCh-Belgrade Premier 2012"]
[Site "Belgrade SRB"]
[Date "2012.10.03"]
[Round "3.4"]
[White "Mirkovic,Sl"]
[Black "Jovanovic,Zo1 SCG"]
[Result "1/2-1/2"]
[WhiteElo "2343"]
[BlackElo "2335"]

1.e4 c5 2.Nf3 d6 3.Bb5+ Bd7 4.Bxd7+ Qxd7 5.O-O Nf6 6.Re1 Nc6 7.c3 e6 8.d4 cxd4
9.cxd4 d5 10.e5 Ne4 11.Nbd2 Nxd2 12.Bxd2 Be7 13.Re3  1/2-1/2

[Event "72nd ch-UKR w 2012"]
[Site "Kharkiv UKR"]
[Date "2012.10.03"]
[Round "9.3"]
[White "Muzychuk,M"]
[Black "Gaponenko,I"]
[Result "1/2-1/2"]
[WhiteElo "2466"]
[BlackElo "2404"]

1.e4 c5 2.Nf3 d6 3.Bb5+ Bd7 4.Bxd7+ Qxd7 5.c4 Nf6 6.Nc3 g6 7.O-O Bg7 8.d4 cxd4
9.Nxd4 O-O 10.f3 Rc8 11.b3 d5 12.exd5 Nxd5 13.Nxd5 e6 14.Bh6 exd5 15.Bxg7 Kxg7
16.Nb5 dxc4 17.Nd6 Rd8 18.Nxb7 Qxd1 19.Rfxd1 Rxd1+ 20.Rxd1 cxb3 21.axb3  1/2-1/2

[Event "1st FIDE GP London 2012"]
[Site "London ENG"]
[Date "2012.10.03"]
[Round "11"]
[White "Adams,Mi"]
[Black "Dominguez Perez,L"]
[Result "1/2-1/2"]
[WhiteElo "2722"]
[BlackElo "2725"]

1.e4 c5 2.Nf3 d6 3.Bb5+ Bd7 4.Bxd7+ Qxd7 5.c4 Nf6 6.Nc3 g6 7.d4 cxd4 8.Nxd4 Bg7
9.f3 O-O 10.Be3 Nc6 11.O-O a6 12.a4 e6 13.Rc1 Ne5 14.b3 d5 15.cxd5 exd5 16.Nxd5 Nxd5
17.exd5 Rfe8 18.Bf2 Qxd5 19.Qc2 Qd7 20.Rcd1 Rac8 21.Qb1 Qc7 22.Rfe1 Nd7 23.Rxe8+ Rxe8
24.Qc2 Rc8 25.Qxc7 Rxc7 26.Kf1 Nc5 27.Rc1 Be5 28.Bg3 Bxg3 29.hxg3 Rd7 30.Rxc5 Rxd4
31.Ke2 Kg7 32.g4 h6 33.Ke3 Rb4 34.Rc3 a5 35.g3 b6 36.Rd3 h5 37.g5 b5 38.axb5 Rxb5
39.f4 Rb4 40.Kf2 a4 41.bxa4 Rxa4 42.Kf3 Ra7 43.Re3 Rb7 44.Rd3 Ra7 45.Re3 Rb7
46.Rd3  1/2-1/2

[Event "3rd Copa Latino-Americana"]
[Site "Cali COL"]
[Date "2012.10.05"]
[Round "2.13"]
[White "Mateus,Al"]
[Black "Avila,P"]
[Result "1-0"]
[WhiteElo "2277"]
[BlackElo "2145"]

1.e4 c5 2.Nf3 d6 3.Bb5+ Bd7 4.Bxd7+ Qxd7 5.O-O Nc6 6.c3 Nf6 7.Qe2 e6 8.d4 d5
9.Ne5 Qc8 10.exd5 Nxd5 11.Nxc6 bxc6 12.c4 Nf6 13.dxc5 Bxc5 14.Bg5 Be7 15.Nd2 Rb8
16.b3 a5 17.Ne4 Qc7 18.Nxf6+ gxf6 19.Bh4 h5 20.Rad1 Rd8 21.Qf3 Rxd1 22.Rxd1 Rh6
23.h3 Kf8 24.Bg3 e5 25.Qe3 Rg6 26.f4 e4 27.Bh2 f5 28.Qd4 Kg8 29.Qe5 Qxe5
30.fxe5 Bc5+ 31.Kf1 Be3 32.Rd6 Rxd6 33.exd6 Kf8 34.Be5 Bc5 35.a4 Bb4 36.c5 Bxc5
37.Bc3 Bb6 38.b4 axb4 39.Bxb4 Ke8 40.a5 Ba7 41.Bc3 Kd7 42.Be5 f6 43.Bf4 c5
44.Ke2 c4 45.a6 c3 46.Kd1 e3 47.Kc2 Bd4 48.Kd3 Bb6 49.Bxe3 c2 50.Bf4 Kc6
51.Kxc2 Kb5 52.Kd3  1-0

[Event "FSFMB October 2012"]
[Site "Budapest HUN"]
[Date "2012.10.06"]
[Round "1.4"]
[White "Mayer,I"]
[Black "Lakat,G"]
[Result "0-1"]
[WhiteElo "2074"]
[BlackElo "1893"]

1.e4 c5 2.Nf3 d6 3.Bb5+ Bd7 4.a4 Bxb5 5.axb5 g6 6.O-O Bg7 7.Nc3 e5 8.d4 cxd4
9.Nd5 Nd7 10.c3 dxc3 11.bxc3 Ne7 12.Ba3 Nc5 13.Bxc5 dxc5 14.Ne3 O-O 15.Nc4 Qc7
16.Qb3 b6 17.Ra6 Rad8 18.Rfa1 Nc8 19.Ne3 Kh8 20.h4 f5 21.Ng5 Rd6 22.Qc2 h6
23.Nf3 fxe4 24.Qxe4 Rf4 25.Qa8 Kh7 26.Nd5 Rxd5 27.Qxd5 e4 28.Nd2 Bxc3 29.Rc1 Ne7
30.Qa2 Bd4 31.Rxa7 Bxf2+ 32.Kf1 Bxh4+ 33.Kg1 Qe5 34.Qa1 Bf2+  0-1

[Event "3rd Copa Latino-Americana"]
[Site "Cali COL"]
[Date "2012.10.06"]
[Round "5.11"]
[White "Mateus,Al"]
[Black "Hernandez,Crist COL"]
[Result "1-0"]
[WhiteElo "2277"]
[BlackElo "2094"]

1.e4 c5 2.Nf3 d6 3.Bb5+ Bd7 4.Bxd7+ Qxd7 5.O-O Nf6 6.Qe2 Nc6 7.c3 e5 8.d4 h6
9.Rd1 Qc7 10.Na3 a6 11.Nc4 Nd7 12.Ne3 Ne7 13.b4 b6 14.bxc5 bxc5 15.h4 g6
16.dxe5 dxe5 17.h5 g5 18.Nc4 Nc6 19.Nh2 Nb6 20.Ng4 Nd7 21.Qf3  1-0

[Event "TCh-ISL 2012-13"]
[Site "Reykjavik ISL"]
[Date "2012.10.06"]
[Round "2.1"]
[White "Sigfusson,S"]
[Black "Bergsson,St"]
[Result "0-1"]
[WhiteElo "2350"]
[BlackElo "2175"]

1.e4 c5 2.Nf3 d6 3.Bb5+ Nd7 4.d4 a6 5.Bxd7+ Bxd7 6.O-O cxd4 7.Qxd4 e5 8.Qd3 Rc8
9.c4 h6 10.b3 b5 11.Na3 Qa5 12.Rb1 Nf6 13.Rd1 Be7 14.Nh4 d5 15.b4 dxc4 16.Qxd7+ Nxd7
17.bxa5 Bxh4 18.Rd5 Bd8 19.Nc2 Bc7 20.Nb4 Nf6 21.Nxa6 Nxd5 22.exd5 Bxa5 23.Rxb5 Bd8
24.d6 O-O 25.Nc5 Rc6 26.d7 Rd6  0-1